Регионална библиотека "Любен Каравелов" - Русе

Вариации по тему Бетховена (Запис номер 355861)

MARC детайли
000 -Лидер
Контролно поле с фиксирана дължина 01087ncm a2200313 c 4500
003 - Код на организацията, давaща контролен номер
Контролно поле BLK
005 - Дата и час на последна редакция
Контролно поле 20200420172901.0
008 - Елементи от данни с фиксирана дължина
fixed length control field 180414b bul |a|er|||| |0| c|bulo|
010 ## - Наследен системен номер
LC control number NOT00002488000
040 ## - Източник на каталожния запис
Идентификатор на билиотеката - собственик на записа BLK
041 ## - Код за език
Код за езика на текст/звукозапис или на отделно заглавие Руски
Код за езика КДБФ Руски
080 ## - УДК
Текстов определител УДК Дуо за две пиана
УДК код - определител по УДК 785.72:786.2
УДК - код + определител 785.72:786.2
100 ## - Редна дума - Автор
Автор Сен-Санс, Камиль
Авторска отговорност първи автор
R(LIN) 405511
139 ## - Редно поле
Редна дума Сен-Санс, Камиль
Авторски знак Сен - С 33
245 10 - Сведения за заглавието
Заглавие Вариации по тему Бетховена
Подзаглавни данни Для двух фортепиано
Редно поле (дума) Камиль Сен-Санс.
254 ## - Сведения за формата на нотното издание
Формат на описваните ноти Клавир
257 ## - Страна на издаване
Страна на създаване/издаване Русия
260 ## - Област на издателските данни
Име на издателя, разпространителя и проч. Музыка
Година на издаване 1965
Място на издаване, разпространение и проч. Москва
300 ## - Физическа характеристика
Страници 56 с.
Размери/Мащаб 30 см
380 ## - Жанр
Жанр Изкуство
490 ## - СЕРИИ (Колекции)
9 (RLIN) 405129
Име на серия Педагогический репертуар музыкального училища
650 #0 - Допълнително описание по предмет – тема
Основно описание – тема или топоним Дуо - две пиана, четири ръце
9 (RLIN) 354037
653 #7 - Ключова дума – ненормативна
Ключова дума две пиана
9 (RLIN) 184635
700 1# - Други автори (авторска отговорност)
9 (RLIN) 38790
Лично име Бетовен, Лудвиг ван
Автороска отговорност (Описва отношението между автора и произведението) по тема на
852 ## - Местоположение
Форматна сигнатура М ІІ 3745
Част 0
856 4# - Електронен адрес и достъп
Електронен формат pdf - файл
Път до файла /url/
856 4# - Електронен адрес и достъп
Електронен формат pdf - файл
Път до файла /url/
999 ## - СИСТЕМНИ КОНТРОЛНИ НОМЕРА
Koha biblionumber 355861
Koha biblioitemnumber 355861
942 ## - АРТИКУЛИ
Вид на библиотечния материал Нотни издания
Скрит в OPAC Не
Периодичен библиозапис Да
944 ## - СЪЗДАВАНЕ И РЕДАКЦИЯ на ЗАПИСА
Създаване/Редакция Създаване
Дата на регистрацията/редакция 25.03.2008
Служител, извършил регистрацията/редакцията ТД
944 ## - СЪЗДАВАНЕ И РЕДАКЦИЯ на ЗАПИСА
Създаване/Редакция Редакция
Дата на регистрацията/редакция 13.09.2017
Служител, извършил регистрацията/редакцията Ирена_Линкова
999 ## - СИСТЕМНИ КОНТРОЛНИ НОМЕРА
Koha biblioitemnumber 355861
999 ## - СИСТЕМНИ КОНТРОЛНИ НОМЕРА
Koha biblioitemnumber 355853
999 ## - СИСТЕМНИ КОНТРОЛНИ НОМЕРА
Koha biblioitemnumber 355853
999 ## - СИСТЕМНИ КОНТРОЛНИ НОМЕРА
Koha biblioitemnumber 352821
999 ## - СИСТЕМНИ КОНТРОЛНИ НОМЕРА
Koha biblioitemnumber 311162
Наличности
Код за отписване Код за изгубен артикул Източник на класификационната схема Код за повреда Коз за рестрикции Код за отдаване Артикулен № Име на библиотеката - собственик Име на библиотеката, в която се намира в момента Статус (Текущо местоположение) Дата на вписване в системата Местоположение - отдел Цена в лева Инвентарен номер Систематично азбучна сигнатура Баркод Цена в евро Служебен тип на артикула
  Не е изгубен Universal Decimal Classification Не е повреден само за читалня ползва се в читалня 766812 Регионална библиотека "Любен Каравелов" Русе Регионална библиотека "Любен Каравелов" Русе Хранилище 2020-05-04 Хранилище 0.56 4394/66 Цб М II 3745 900000006205 0.29 Нотни издания
Vip Innovations Ltd, Rousse, Bulgaria 2025